The Qur'an and the bible : in the light of science : (Record no. 12217)

000 -LEADER
fixed length control field 00599nam a22001937a 4500
008 - FIXED-LENGTH DATA ELEMENTS--GENERAL INFORMATION
fixed length control field 180419b xxu||||| |||| 00| 0 eng d
020 ## - INTERNATIONAL STANDARD BOOK NUMBER
International Standard Book Number 9798174355699
082 ## - DEWEY DECIMAL CLASSIFICATION NUMBER
Edition number 23
Classification number 297.12285
Item number NAI
100 ## - MAIN ENTRY--PERSONAL NAME
Personal name Naik, Zakir
245 ## - TITLE STATEMENT
Title The Qur'an and the bible : in the light of science :
Remainder of title a rejoinder to Dr. William Campbell's comments
260 ## - PUBLICATION, DISTRIBUTION, ETC. (IMPRINT)
Place of publication, distribution, etc. New Delhi
Name of publisher, distributor, etc. Adam Publishers & Distributors
Date of publication, distribution, etc. 2008
300 ## - PHYSICAL DESCRIPTION
Extent 124p.
Dimensions 23cm.
500 ## - GENERAL NOTE
General note Donated by Chairman ERDF (06-10-2012)
650 ## - SUBJECT ADDED ENTRY--TOPICAL TERM
Source of heading or term Religion
Geographic subdivision Religion
653 ## - INDEX TERM--UNCONTROLLED
Uncontrolled term Bible
653 ## - INDEX TERM--UNCONTROLLED
Uncontrolled term Quran
700 ## - ADDED ENTRY--PERSONAL NAME
Personal name Uganwi, A. R.
942 ## - ADDED ENTRY ELEMENTS (KOHA)
Source of classification or shelving scheme
Koha item type Books
Holdings
Withdrawn status Lost status Source of classification or shelving scheme Materials specified (bound volume or other part) Damaged status Not for loan Collection code Permanent location Current location Shelving location Date acquired Coded location qualifier Cost, normal purchase price Total Checkouts Total Renewals Full call number Barcode Date last seen Date last checked out Uniform Resource Identifier Price effective from Koha item type
      PB     Religion Donated Section Library (दान) Maulana Azad Central Library General Stacks 2018-04-19 DNT 60.00 1 1 297.12285 NAI DNT225 2019-01-11 2018-06-19 http://www.adambooks.in 2018-04-19 Books
      PB     Donated (দান-বৰঙণী) Maulana Azad Central Library Maulana Azad Central Library Donated Book 2021-09-02 DNT       297.12285 NAI 6165 2021-11-17     2021-09-02 Books

Copyright @ USTM
Techno City, Kiling Road, Baridua, 9th Mile,
Ri-Bhoi, Meghalaya-793101

Powered by Koha